Entry Konu Terimi
001 - KONTROL NUMARASI
- Kontrol alanı: 110421
003 - KONTROL NUMARASI KİMLİĞİ
- Kontrol alanı: TR-BiSEU
005 - SON İŞLEM TARİHİ VE ZAMANI
- Kontrol alanı: 20260207004237.0
008 - SABİT UZUNLUKTAKİ VERİ ÖGELERİ - GENEL BİLGİ
- Sabit uzunlukta kontrol alanı: 260207|| aca||aabn | a|a d
040 ## - KATALOGLAMA KAYNAĞI
- Özgün kataloglama kurumu: TR-BiSEU
- Çeviri kurumu: TR-BiSEU
150 ## - KONU BAŞLIKLARI - KONU TERİMİ
- Konu terimi: Bursa (Turkey)--History--21st century--Congresses
670 ## - BİLGİNİN KAYNAĞI
- Bilginin alındığı kaynak: KOHA: (TR-BiSEU)59487: Mudanya Mütarekesi' nden günümüze Bursa uluslararası sempozyumu (Bursa : 2013) 110419, Mudanya Mütarekesi' nden günümüze Bursa uluslararası sempozyumu 26-28 Eylül 2013 =
